A course of mathematical analysis (Record no. 64076)

000 -LEADER
fixed length control field 00437nam a22001697a 4500
003 - CONTROL NUMBER IDENTIFIER
control field NUST - PNEC
005 - DATE AND TIME OF LATEST TRANSACTION
control field 20170116180832.0
008 - FIXED-LENGTH DATA ELEMENTS--GENERAL INFORMATION
fixed length control field 150801b xxu||||| |||| 00| 0 eng d
020 ## - INTERNATIONAL STANDARD BOOK NUMBER
International Standard Book Number 8121904722
040 ## - CATALOGING SOURCE
Transcribing agency 8121904722
082 ## - DEWEY DECIMAL CLASSIFICATION NUMBER
Classification number 515 NAR
100 ## - MAIN ENTRY--PERSONAL NAME
9 (RLIN) 4724
Personal name Narayan, Shanti
245 ## - TITLE STATEMENT
Title A course of mathematical analysis
Statement of responsibility, etc. Shanti, Narayan
260 ## - PUBLICATION, DISTRIBUTION, ETC.
Date of publication, distribution, etc. c 1996
650 ## - SUBJECT ADDED ENTRY--TOPICAL TERM
9 (RLIN) 4727
Topical term or geographic name entry element Mathematical analysis
General subdivision ME
942 ## - ADDED ENTRY ELEMENTS (KOHA)
Source of classification or shelving scheme
Koha item type Book
Holdings
Withdrawn status Lost status Source of classification or shelving scheme Damaged status Not for loan Permanent Location Current Location Shelving location Date acquired Total Checkouts Full call number Barcode Date last seen Price effective from Koha item type
          Pakistan Navy Engineering College (PNEC) Pakistan Navy Engineering College (PNEC)       515 NAR PNECLIB-022639 08/01/2015   Book
© 2023 Central Library, National University of Sciences and Technology. All Rights Reserved.